000 00676nam a2200229 i 4500
001 18391
003 DO-SdUEMH
005 20260219162858.0
007 ta
008 260219s2013 dr a|||gr|||| 00| 0 spa d
040 _aDO-SdUEMH
_bspa
_erda
041 _aspa
082 1 4 _mRD
245 _aPerfiles Estadísticos Provinciales:
_bregiones enriquillo. el valle
264 1 _aSanto Domingo, República Dominicana :
_c2013
300 _a143 páginas :
_bilustraciones ;
_c27 cm.
336 _2rdacontent
_atexto
_btxt
337 _2rdamedia
_asin mediación
_bn
338 _2rdacarrier
_avolumen
_bnc
505 2 _aRegión Enriquillo -- Región el Valle.
942 _2ddc
_cBK
_n0
999 _c18391
_d18391